| 000 | 00646nam a22001817a 4500 | ||
|---|---|---|---|
| 005 | 20231229163218.0 | ||
| 010 | _aENG-135501 | ||
| 020 |
_c250.00 _a9789352301416 |
||
| 035 | _aEN-119033 | ||
| 037 | _bDBAD/PUB | ||
| 082 | _a615.19005 | ||
| 100 |
_atalegaonkar, sushama _960474 |
||
| 245 |
_aPharmaceutical technology: _bA practical manual/ _cBy sushama talegaonkar |
||
| 260 |
_ahyderabad _bpharmamed press _c2017 |
||
| 270 |
_a4-4-309/316, giriraj lane, sultan bazaar _bhyderabad _e500095 _k040-23445605 _l91+40-23445611 _minfo@pharmamedpress.com |
||
| 300 |
_a211p. _c24cm(pbk) _btest paper |
||
| 942 |
_2ddc _cEN _mTAL _h615.19005 |
||
| 999 |
_c193282 _d193282 |
||